[Event "Riga Tal Memorial"]
[Site "Riga"]
[Date "1995.??.??"]
[Round "6"]
[White "Kasparov, Garry"]
[Black "Ivanchuk, Vassily"]
[Result "1/2-1/2"]
[WhiteElo "2805"]
[BlackElo "2700"]
[Annotator "Dautov,R"]
[PlyCount "106"]
[EventDate "1995.04.??"]
[EventType "tourn"]
[EventRounds "11"]
[EventCountry "LAT"]
[EventCategory "17"]
[SourceTitle "CBM 047"]
[Source "ChessBase"]
[SourceDate "1995.08.01"]
[SourceVersion "1"]
[SourceVersionDate "1995.08.01"]
[SourceQuality "1"]

1. d4 {Endgame-CD Knaak Dolmatov} Nf6 2. c4 g6 3. g3 Bg7 4. Bg2 O-O 5. Nc3 d6
6. Nf3 Nc6 7. O-O e5 8. d5 Ne7 9. e4 (9. c5 $6 {Dolmatov} Ne8 $132) 9... Ne8
10. Ne1 (10. b4 {Dolmatov} f5 11. Ng5 h6 12. Ne6 Bxe6 13. dxe6 c6 14. c5 $14) (
10. Be3 {Dolmatov} f5 11. Qd2 Nf6 12. Ng5 Nxe4 13. Ngxe4 fxe4 14. Bg5 Bf6 $14)
10... f5 11. Nd3 Nf6 12. Bg5 h6 (12... fxe4 $5 {Dolmatov} 13. Nxe4 Nxe4 $5 (
13... Nf5 14. c5 h6 15. Bxf6 Bxf6 $14) 14. Bxe4 Bh3 15. Re1 Bf6) 13. Bxf6 Rxf6
(13... Bxf6 14. f4 exf4 (14... c6 {Dolmatov} 15. Kh1 $14) 15. Nxf4 Be5 (15...
fxe4 16. Bxe4 $16) 16. exf5 Bxf5 17. Qd2 c6 18. Kh1 Qb6 19. Rae1 $14 {Karpov,
An-Gelfand,B/Dos Hermanas 1994}) 14. f4 exf4 15. Nxf4 Kh7 {N} (15... c6 16. Kh1
Rf7 17. Qd2 Be5 18. Nd3 Bg7 19. Nf4 Be5 20. Nd3 Bg7 {1/2-1/2 Huzman,A-Nijboer,
F/Amsterdam op 1994}) (15... Bd7 {Dolmatov} 16. Qd3) 16. Qd3 Rf8 (16... c6 $5)
17. Rae1 Be5 18. exf5 Nxf5 (18... Bxf5 19. Be4 (19. Qe3 $5) 19... Bxf4 20. Rxf4
Qd7 (20... Bd7 {Dolmatov} 21. Ref1 $16) 21. Nb5 $16 {/\Nd4,><e6}) 19. Kh1 $14
Qf6 20. c5 $1 (20. g4 $2 Qh4 (20... Qg5 {Dolmatov} 21. gxf5 Bxf4 22. fxg6+ Kg7
$132) (20... Nh4 $2 21. Ne6 $16) 21. gxf5 Bxf4 22. fxg6+ Kg8 23. h3 Bf5 $17)
20... Qg7 (20... dxc5 $2 21. g4 Bxf4 22. Rxf4 Qh4 23. Ref1 $18) (20... Bd7 $6
21. c6 bxc6 22. dxc6 Be8 23. Ncd5 Qf7 24. Nxc7 Qxc7 25. Ne6 Nxg3+ 26. hxg3
Rxf1+ 27. Rxf1 Qe7 28. Qb3 $16) 21. cxd6 cxd6 22. Ne6 (22. Be4 Bxf4 23. Rxf4
Bd7 $10) 22... Bxe6 23. dxe6 Rac8 (23... Rae8 24. Bd5 $14 (24. Qd5 Bxg3 $1 $13)
) 24. Nd5 $1 $16 Ne7 (24... Bxb2 $2 25. e7 Rfe8 26. Rxf5 (26. Bh3 $16 {Dolmatov
}) 26... gxf5 27. Qxf5+ Kh8 (27... Qg6 28. Be4 $18) 28. Qxc8 Rxc8 29. e8=Q+
Rxe8 30. Rxe8+ $18) (24... Rce8 25. Rc1 Rxe6 $2 (25... Rc8 $16) 26. Rc7 Rf7 (
26... Ne7 27. Rxf8 Qxf8 28. Bh3 $18) 27. Rxf7 Qxf7 28. g4 $18) 25. Ne3 (25. b3
$1 {/\Ne3-c4} Rxf1+ (25... Nxd5 26. Bxd5 $16) 26. Rxf1 Rf8 27. Rc1 Nxd5 (27...
Rc8 28. Rxc8 Nxc8 29. Qb5 $16) 28. Bxd5 $16 {/\} Rf2 29. Qb5 Rxa2 30. Qd7 $18)
25... Bxb2 26. Rxf8 Qxf8 (26... Rxf8 {Dolmatov} 27. Qxd6 $16 (27. Nc4 Qc3 28.
Qe2 $16)) 27. Rf1 $2 (27. Nc4 Bf6 (27... Bg7 {Dolmatov} 28. Rf1 Qd8 29. Rf7 $40
) 28. Bxb7 Rd8 29. Ne3 $14 {/\Nd5}) (27. Qxd6 $5 {/\} Rc1 28. Rxc1 Bxc1 29. Nd5
Bg5 30. h4 Bf6 31. Qc7 Kg8 32. Nxf6+ Qxf6 33. Qb8+ Kg7 34. Qxb7 Qxe6 35. Qxa7
$16) 27... Rc1 $1 28. Nd1 Bf6 29. Qxd6 Kg7 (29... b6 $5 30. Qf4 Ra1 31. Qxf6
Qxf6 32. Rxf6 Rxd1+ 33. Bf1 Nf5 $10) 30. Bxb7 Nf5 31. Qxf8+ Kxf8 32. g4 Nd6 33.
Rxf6+ (33. Bd5 Ke7 34. Kg2 Nb5 $10) 33... Kg7 34. Rf1 Nxb7 35. Rf7+ (35. e7 Nd6
$10) 35... Kg8 36. Rxb7 Rxd1+ 37. Kg2 Re1 38. Rxa7 (38. e7 $142 $5 {Dolmatov
Knaak} a5 (38... a6 39. Kf2 Re5 40. Rb8+ (40. Rb6 $5 Kf7 41. Rxa6 Rxe7 42. Ra3
Rc7 43. Re3 Rc2+ 44. Re2 Rc3 $14) 40... Kf7 41. e8=Q+ Rxe8 42. Rxe8 Kxe8 43.
Ke3 Ke7 44. Kd4 Kd6 45. a3 $16 (45. h4 $1 h5 (45... Ke6 46. a4 Kd6 47. a5 Kc6
48. Ke5 Kb5 49. Kf6 $18) (45... a5 46. a4) 46. g5 a5 47. a4 Ke6 48. Kc5 $18) (
45. a3 h5 46. g5 h4 47. h3 Ke6 48. Ke4 Kd6 49. a4 a5 50. Kd4 Ke6 51. Kc5 Kf5
52. Kb5 Kxg5 53. Kxa5 Kf4 54. Kb5 g5 55. a5 g4 56. a6 g3 57. a7 g2 $10)) (38...
Kf7 $2 {Knaak} 39. Rxa7 Re2+ 40. Kg3 g5 41. a4 Rb2 42. a5 Rb3+ 43. Kf2 Rb2+ 44.
Ke3 Rxh2 45. a6 Ra2 46. Ra8 $1 Kxe7 47. a7 $18 {/\ 48.Rh8}) 39. Kf2 Re5 40.
Rb8+ (40. Rb5 Rxe7 41. Rxa5 Rb7 42. Re5 Ra7 43. Re2 Ra4 $10) 40... Kf7 41.
e8=Q+ Rxe8 42. Rxe8 Kxe8 43. Ke3 Ke7 (43... Kd7 $2 {Knaak} 44. Kd4 Kd6 (44...
Kc6 45. Ke5 Kb5 46. Kf6 $18) (44... Ke6 45. Kc5 Ke5 46. Kb5 Kf4 47. Kxa5 Kxg4
48. a4 $18) 45. Kc4 $1 (45. a4 h5 46. gxh5 gxh5 47. h4 Kc6 48. Kc4 Kd6 (48...
Kb6 $2 49. Kd5 $18) 49. Kb5 Kd5 50. Kxa5 Kc5 51. Ka6 Kc6 52. a5 Kc7 53. Kb5 Kb7
54. Kc5 Ka6 55. Kd5 Kxa5 56. Ke5 Kb5 57. Kf5 Kc5 58. Kg5 Kd6 59. Kxh5 Ke7 60.
Kg6 Kf8 $10) 45... Kc6 (45... Ke5 46. Kb5 Kf4 47. Kxa5 Kxg4 48. Kb4 $18) (45...
h5 46. gxh5 gxh5 47. Kb5 h4 48. Kxa5 $1 Kc5 49. h3 Kc4 50. Ka4 $1 Kc5 51. Kb3
Kb5 52. Kc3 Ka4 53. Kd4 Ka3 54. Ke4 Kxa2 55. Kf4 Kb3 56. Kg4 Kc4 57. Kxh4 Kd5
58. Kg5 Ke6 59. Kg6 $18) 46. h4 g5 (46... Kd6 47. Kb5 Ke5 48. Kxa5 $18) 47.
hxg5 hxg5 48. a4 $18) 44. a4 {Knaak} (44. Kd4 {+/- Dolmatov} Kf6 $1 {Knaak} 45.
h4 h5 46. g5+ Kf5 47. a4 Kg4 48. Ke5 Kxh4 49. Kf6 Kg3 $8 50. Kxg6 h4 51. Kf5 h3
52. g6 h2 53. g7 h1=Q 54. g8=Q+ Kf2 55. Qa2+ Ke3 56. Qb3+ Kd2 $10) (44. h4 a4
45. a3 (45. Kd4 Ke6 46. Kc4 Ke5 47. Kb4 Kf4 48. Kxa4 Kxg4 49. Kb4 Kxh4 50. a4
g5 $10) 45... Kf6 46. Kd4 h5 $10) 44... Kf6 45. Kf4 h5 46. g5+ Ke6 47. Ke4 h4
48. h3 Kd6 49. Kd4 Ke6 50. Kc4 Kf5 51. Kb5 Kxg5 52. Kxa5 Kf4 53. Kb5 g5 54. a5
g4 55. a6 g3 56. a7 g2 57. a8=Q g1=Q $10) 38... Rxe6 $10 39. a4 (39. h4 {Knaak}
h5 $10) 39... Re2+ 40. Kg3 g5 41. h4 (41. a5 {Knaak} Re3+ 42. Kf2 Re5 (42...
Ra3 $2 43. a6 Kh8 44. Ke2 Kg8 45. Kd2 Kh8 46. Kc2 Kg8 47. Kb2 Ra5 48. Kb3 Kh8
49. Kb4 Ra1 50. Kc5 {/\ Kd5-e5-f6-g6 usw.}) 43. a6 Re6 $1 44. Ra8+ Kg7 45. a7
Ra6 46. Ke3 Ra1 {und der weiße König kann nichts ausrichten.}) 41... Re3+ 42.
Kf2 Re4 43. Kf3 Rf4+ 44. Kg3 h5 $1 (44... Kh8 $10 {Knaak}) 45. gxh5 Rxh4 46. a5
Rxh5 47. a6 (47. Rb7 {Knaak} Rh6 48. Rb6 Rh1 $10) 47... Rh6 48. Kg4 Rc6 49.
Kxg5 Rb6 50. Kf5 Rc6 51. Ke5 Rb6 52. Kd5 Rf6 53. Kc4 Rf4+ (53... Rf4+ {
Endgame-CD} 54. Kb5 Rf5+ 55. Kc6 Rf6+ 56. Kd5 Rf5+ 57. Ke6 Rh5 58. Ra8+ (58.
Rf7 Ra5 $10) 58... Kg7 59. a7 Ra5 $10) 1/2-1/2

[Event "Dortmund SuperGM 38th"]
[Site "Dortmund"]
[Date "2010.07.16"]
[Round "2"]
[White "Leko, Peter"]
[Black "Mamedyarov, Shakhriyar"]
[Result "1/2-1/2"]
[WhiteElo "2734"]
[BlackElo "2761"]
[Annotator "Krasenkow,M"]
[PlyCount "100"]
[EventDate "2010.07.15"]
[EventType "tourn"]
[EventRounds "10"]
[EventCountry "GER"]
[EventCategory "20"]
[SourceTitle "CBM 138"]
[Source "ChessBase"]
[SourceDate "2010.09.17"]
[SourceVersion "1"]
[SourceVersionDate "2010.09.17"]
[SourceQuality "1"]

1. d4 Nf6 2. c4 g6 3. g3 Bg7 4. Bg2 O-O 5. Nc3 d6 6. Nf3 c6 7. O-O Qa5 8. e4
Qh5 9. Ng5 {An old, well-forgotten line, however, by no means harmless. GM P.
Leko hopes to outplay his opponent in the endgame.} Qxd1 {This obvious move
may be inaccurate! White's rook comes to the perfect d1-square at once.} (9...
e5 10. Qxh5 Nxh5 11. d5 h6 12. Nf3 Nf6 13. dxc6 bxc6 14. Rd1 Ne8 15. c5 dxc5
16. Be3 $16 {1-0 Mednis,E (2460)-Digamo,C/Manila 1991/EXT 1997 (43)}) (9... h6
$5 10. Qxh5 Nxh5 11. Nf3 Be6 (11... f5 $6 {1/2 Izeta Txabarri,F (2456)-Coret
Frasquet,J (2251)/Barcelona 2000/CBM 077 ext (46)} 12. Nh4 $1 $14) (11... Nd7
12. Rd1 a6 13. Be3 e5 14. dxe5 dxe5 15. Bh3 Nhf6 16. Rd6 $16 {1-0 Tregubov,P 
(2635)-Klinova,M (2378)/Bastia 2003/EXT 2004 (42)}) 12. d5 cxd5 (12... Bd7 13.
Re1 Na6 {1-0 Burmakin,V (2541)-Westerinen,H (2386)/Sort 2006/CBM 113 ext (58)}
14. e5 $14) 13. cxd5 Bd7 14. Be3 Na6 15. Bd4 Rfc8 16. Bxg7 Kxg7 17. e5 Nc5 18.
Rad1 Kf8 $11 {0-1 Jirovsky,P (2325)-Oral,T (2470)/Litomysl 1996/EXT 1998 (59)})
(9... Na6 $5 10. h3 Qxd1 11. Rxd1 e5 (11... Nd7 12. Be3 c5 13. Nf3 Nc7 14. Rac1
Re8 15. b3 b6 16. e5 $14 {1-0 Kacheishvili,G (2564)-Jobava,B (2430)/Yerevan
2000/CBM 078 (23)}) 12. d5 (12. Be3 exd4 13. Bxd4 Re8 14. Rac1 h6 15. Nf3 Nxe4
16. Nxe4 Rxe4 17. Bxg7 Kxg7 18. Rxd6 Re2 $11 {0-1 Rother,C (2340)-Jansa,V/
Germany 1988/GER-chT2 (40)}) 12... h6 13. Nf3 cxd5 14. cxd5 Bd7 15. Ne1 b5 16.
a3 Nc5 17. Be3 Nb3 18. Rab1 Rfc8 19. Nd3 a5 $11 {1/2 Petrosian,A-Vogt,L/
Sukhumi 1970/EXT 2001/[Vogt,L] (43)}) 10. Rxd1 e5 (10... Nbd7 11. f4 $5 (11. b3
Ne8 12. Nf3 Nc7 13. Bg5 Re8 14. Rac1 e5 {0-1 Drasko,M (2525)-Petronic,J (2430)/
Subotica 1992/EXT 2000 (52)} 15. d5 $14) 11... c5 $6 12. e5 cxd4 13. exf6 exf6
14. Nxh7 Kxh7 15. Nb5 Nb6 16. b3 Bg4 17. Rd2 d5 18. cxd5 Rad8 19. h3 Bc8 20.
Nxa7 $18 {1-0 Zifroni,D (2490)-Chytilek,R (2340)/Siofok 1996/Juniors (42)}) (
10... h6 11. Nf3 Bg4 (11... Ne8 12. Be3 Nc7 13. e5 d5 14. cxd5 Nxd5 15. Nxd5
cxd5 16. Ne1 e6 17. Nd3 Bd7 18. Nc5 Bc6 19. Rdc1 $14 {1/2 Drasko,M (2513)
-Genocchio,D (2326)/Cutro 2002/CBM 088 ext (40)}) 12. h3 Bxf3 13. Bxf3 Nbd7 14.
Be3 a5 (14... Rfc8 15. Rac1 Rab8 16. Be2 a6 17. c5 dxc5 18. dxc5 Rd8 19. Rd2
Nf8 20. Rcd1 Rxd2 21. Rxd2 Ne8 22. f4 $16 {1-0 Rustemov,A (2539)-Sosnicki,M 
(2286)/Swidnica 1999/CBM 071 (43)}) 15. Rd2 a4 16. Rad1 Ra5 17. Be2 Rb8 18. a3
Ne8 19. f4 $14 {1-0 Kotsur,P (2566)-Potapov,A (2329)/Zvenigorod 2008/EXT 2009 
(103)}) 11. d5 {A typical idea. White wants to force ...c6-c5 and then start
his queenside attack by means of a2-a3 and b2-b4. However, he has good
alternatives:} (11. dxe5 $5 dxe5 12. Be3 Na6 (12... Re8 $5) 13. h3 Nd7 14. Bf1
Ndc5 15. b4 Ne6 16. Nxe6 Bxe6 17. b5 $14 {1-0 Zivkovic,V (2150)-Jovanovic,V 
(2075)/Igalo 1994/EXT 2002 (28)}) (11. Nf3 Bg4 (11... Nbd7 12. Rb1 (12. b3 $5)
12... a6 13. d5 cxd5 14. cxd5 Nc5 15. Ne1 Bd7 16. f3 Rfc8 17. Bd2 Bf8 18. Rdc1
Be7 19. b4 {1/2 Berebora,F (2412)-Karatorossian,D (2250)/Hungary 2003/EXT 2004}
) (11... Na6 12. h3 Re8 13. Be3 Nc7 14. Rac1 Bd7 15. a3 h6 16. b4 $14 {1-0
Banikas,H (2571)-Minina,V (2166)/Aghios Kirykos 2008/CBM 125 Extra (34)}) 12.
Be3 Nbd7 13. h3 Bxf3 14. Bxf3 Rfd8 15. Rab1 Ne8 16. d5 c5 17. a3 Nc7 18. b4 $14
{1-0 Tregubov,P (2520)-Gross,D (2360)/Berlin 1996/CBM 054 ext (42)}) 11... h6 (
11... cxd5 $6 12. cxd5 a6 13. a4 a5 14. Nf3 Na6 15. Nd2 Nc5 16. Nc4 Rd8 17. Be3
$16 {1-0 Chiburdanidze,M (2489)-Mona,K (2007)/Abu Dhabi 2008/EXT 2009 (37)}) (
11... c5 12. a3 $5 (12. Bh3 $6 Nbd7 13. a3 (13. Nf3 Ne8 14. Be3 Nc7 15. a3 h6 {
1/2 Rakic,B-Martinovic,S (2445)/Bela Crkva 1983/EXT 1998}) 13... h6 14. Nf3 a5
15. b3 Rd8 16. Bd2 Nb6 17. Bxc8 Rdxc8 18. a4 Nbd7 19. Ne1 Ne8 20. g4 Nc7 21.
Nc2 Kh7 22. Rf1 Bf6 23. Kg2 Kg7 24. Rh1 {1/2 Rogozenco,D (2440)-Frolov,A (2545)
/Nikolaev 1995/CBM 047}) (12. f4 Nbd7 13. Rb1 Ne8 14. Bd2 Nc7 15. a3 b6 16. b4
Ba6 17. Bf1 Rfe8 18. Re1 Re7 19. Bd3 Rae8 20. Kg2 $14 {1-0 Prusikin,M (2557)
-Ribeiro,F (2262)/Evora 2006/CBM 113 ext (53)}) 12... Ne8 13. b4 Nd7 14. Rb1 b6
15. Nb5 Ndf6 16. Re1 h6 17. Nf3 Bd7 18. Bd2 Nh7 19. a4 $36 {1-0 Khismatullin,D
(2570)-Gabdrakhmanov,R (2392)/Kazan 2007/CBM 119 ext (40)}) 12. Nf3 cxd5 $6 {
This is usually a poor idea as opening up the c-file is rather favourable for
White; besides, he can now use the c4-square for his knight, activate his
bishop along the f1-a6 diagonal etc.} (12... c5 13. h3 Nbd7 14. Be3 a6 15. Bf1
Nh5 16. Nh4 Kh7 17. Be2 Bf6 18. Ng2 Ng7 19. a3 Be7 20. b4 b6 21. g4 f5 22. f3
$14 {1/2 Polgar,Z (2550)-Klinova,M (2115)/Moscow 1994/CBM 045 ext (44)}) 13.
cxd5 (13. Nxd5 Nxd5 14. Rxd5 $6 Be6 15. Rxd6 Bxc4 16. b3 Be6 17. Bb2 Nc6 18.
Bf1 {1/2 Antoshin,V (2515)-Tseshkovsky,V (2545)/Sochi 1974/EXT 2001}) 13... Bd7
14. Nd2 Rc8 15. Bf1 Bf8 16. f3 Na6 17. Nc4 $14 Nb4 $6 {Rather senseless.} 18.
Ne3 Nh7 19. h4 Be7 20. Bd2 f5 $6 {This creates new weaknesses in Black's camp
but waiting was hardly a promising alternative.} 21. a3 Na6 22. exf5 gxf5 23.
Bb5 $1 Bxb5 24. Nxb5 Rf8 25. g4 $5 {A good idea - to seize the f5-square.} (25.
Nc4 $5 Rf6 26. b4 $16) 25... fxg4 26. fxg4 Rf4 27. Nf5 $1 {[%csl Gf5]} Rxg4+
28. Kh2 Bf8 29. Bxh6 Nf6 30. Bxf8 (30. Kh3 $5 Rg6 31. Bxf8 Kxf8 32. b4 $16)
30... Kxf8 31. Rac1 Nc5 32. Nbxd6 $16 {White has won a pawn; surprisingly,
Peter Leko, an excellent technician, fails to convert his material advantage.}
Nce4 33. Nxe4 Rxe4 34. d6 Rd8 35. Rc7 $2 {Underestimating Black's obvious
reply.} (35. Rf1 $1 {[%cal Yc1c7] was much stronger, e.g.} Rf4 (35... Re2+ 36.
Kg1 Rxb2 37. Rc7) 36. Rxf4 exf4 37. Kg2 $18) 35... Rf4 36. Ne7 (36. Ne3 {
was a better chance to continue fighting for a win:} Rxh4+ 37. Kg3 Rd4 38. Rh1
R4xd6 39. Rh8+ Ng8 40. Rxb7 $14) 36... Rxh4+ 37. Kg3 Rg4+ 38. Kh3 Rg7 39. Rxb7
(39. Nf5 Rgd7 $11) 39... Ne4 {Black recaptures the pawn and has no problems.
On the contrary, White must beware of his king getting into trouble.} 40. Rf1+
Ke8 {[%cal Rd8d6,Re4d6]} 41. Rb4 (41. Re1 $144 Nxd6 42. Rxa7 Nb5 43. Nf5 $8
Rxa7 44. Rxe5+) 41... Rxd6 42. Nf5 $1 Rh7+ 43. Kg4 Rg6+ 44. Kf3 Nd2+ 45. Ke2
Nxf1 46. Rb8+ Kf7 47. Rb7+ Kg8 (47... Ke6 48. Rxh7 Kxf5 49. Kxf1 $11) 48. Rb8+
Kf7 49. Rb7+ Kg8 50. Rb8+ Kf7 1/2-1/2